| 000 | 00425nam a2200157Ia 4500 | ||
|---|---|---|---|
| 008 | 210210b1975 xxu||||| |||| 00| 0 eng d | ||
| 082 | _a181 MULS | ||
| 100 | _aMULLER (F Max). | ||
| 245 | _aSacred books of the east. V 2. | ||
| 260 |
_aNew Delhi. _bMotilal Banarsidass., _c1975 |
||
| 300 | _alxii,314 | ||
| 440 | _a2 | ||
| 650 | _aAryas Apastamaba Guatama Vasishtha Baudhayana | ||
| 690 | _aPhilosophy | ||
| 906 | _aSG01781 | ||
| 999 |
_c112827 _d112827 |
||